000 00703nam a2200217Ia 4500
005 20241129111046.0
008 241129s9999||||xx |||||||||||||| ||und||
020 _a978-93-91277-72-7
037 _aTB
040 _aCRL
_bhin
_cCRL
041 _ahin
_2hin
084 _aO152,6x R2
_qCRL
100 _aरावए वरवरए लेण्
245 0 _aये क्या जगह है दोस्तो
_cरावए वरवरए लेण्
260 _a, भारत
_bनोएडाए सेतु प्रकाशनए
_c2022
300 _a335पृ0
365 _aINR
_b799
650 _aHindi Prose
942 _cTB
_hO152,6x R2
999 _c1228750
_d1228750